000 00596nam a2200205 a 4500
003 SISC
005 20160610144840.0
008 070626s19uu xx 00 eng d
020 _a0131735349
050 _aHD 2741
_b.K4713 2007
100 _aKim, Kenneth A.
245 _aCorporate governance /
_cKenneth A. Kim
250 _a2nd edition.
260 _aUpper Saddle River, New Jersey :
_bPrentice Hall,
_c2007.
300 _a164 pages :
_billustrations ;
_c24 cm.
500 _aIncludes index.
650 _aCorporate governance
_xUnited States.
942 _cBK
_2lcc
_kFOR
999 _c22077
_d22077